000 00659nam a2200241Ia 4500
008 160319s9999 xx 000 0 und d
020 _a971-08-6473-4
050 _aFIL QA 154.3
050 _b.A24 2004
100 _aAcelajado, Maxima J.
245 _aAlgebra :
245 _bconcepts and processes /
245 _cMaxima J. Acelajado, Yolando B. Beronquw, Frumencio F. Co.
250 _a2nd Edition
260 _aMandaluyong:
260 _bNational Book Store,
260 _c2004
300 _a482 pages :
300 _billustrations ;
300 _c25 cm.
650 _aAlgebra -- Study and teaching.
650 _xAlgebra -- Textbooks.
999 _c291812
_d291812